000 00287nam a22001337a 4500
008 170818b xxu||||| |||| 00| 0 eng d
020 _a9780201514254
041 _aeng
080 _a51
100 _a37
101 _aNAT
245 _aALGORITHMS IN C
_cSEDGEWICK.R
942 _2udc
_cBK
999 _c24036
_d24036